000 01094nam a22002897a 4500
005 20180209140624.0
008 131126b xxu||||| |||| 00| 0pun d
010 _aPUN- B-577799-802 B-669884
020 _c200.00
_a9789382246886
035 _aPN- B-577799-802
035 _aB-669884
037 _bDBAD / PUB
037 _bUnistar Books
037 _bBPPD/KKP
040 _adpl
_bpn
082 _a921
100 _aਪੁਰੀ,ਨੰਦਿਤਾ ਸੀ.
245 _aਜ਼ਿੰਦਗੀ ਦਾ ਨਾਇਕ ਓਮ ਪੁਰੀ /
_cਨੰਦਿਤਾ ਸੀ. ਪੁਰੀ
246 _aZindgi da nayak
_bby Nandita C. Puri
260 _aChandigarh
_bUnistar Books
_c2013
270 _bChandigarh
_asco-26,27, Sector-34A
_k0172-5077427
300 4 _a227p.
_c22ਸੇਂਮੀ (ਅਜਿਲੱਦ)
942 _2ddc
_cPN
_h921
_mਪੁਰੀਨੰ
999 _c88949
_d88949